EM Kader 2020 Deutschland - Statistiken

Allgemein
  • Dieses Quiz wurde 279 mal gespielt
  • Das Durchschnittsergebnis liegt bei 22 aus 27
Antwortstatistiken
Position Verein Antwort % Korrekt
TW Bayern München Manuel Neuer
100%
TW Eintracht Frankfurt Kevin Trapp
94%
ST Bayern München Thomas Müller
93%
MF Real Madrid Toni Kroos
92%
DF Chelsea Antonio Rüdiger
91%
MF Bayern München Joshua Kimmich
91%
ST Bayern München Leroy Sane
91%
TW Arsenal Bern Leno
90%
MF Chelsea Kai Havertz
90%
DF Bor. Dortmund Mats Hummels
90%
ST Chelsea Timo Werner
90%
Coach Deutschland Joachim Löw
89%
DF Bor. Mönchengladbach Matthias Ginter
89%
MF Manchester City Ilkay Gündogan
87%
ST Bayern München Serge Gnabry
86%
MF Bayern München Leon Goretzka
85%
DF Atalanta Robin Gosens
83%
DF SC Freiburg Christian Günter
78%
DF RB Leipzig Lukas Klostermann
75%
ST AS Monaco Kevin Volland
73%
DF Bayern München Niklas Süle
72%
MF Bor. Dortmund Emre Can
70%
MF Bayern München Jamal Musiala
64%
MF Bor. Mönchengladbach Jonas Hofmann
61%
DF Leeds United Robin Koch
61%
DF RB Leipzig Marcel Halstenberg
54%
MF Bor. Mönchengladbach Florian Neuhaus
53%
Keine übereinstimmenden Quizze gefunden
Verteilung der Resultate
Anzahl Personen mit jedem Resultat
Perzentil nach korrekt beantworteten Fragen
Ihre Resultats-Entwicklung
Sie haben dieses Quiz noch nicht gespielt